00968nam a2200253 a 450000100060000000300080000600500170001400800410003103500190007204000440009104100080013508200220014324501260016525000130029126000780030430000360038250400380041865000320045665000360048870000270052494200120055199900170056395201340058072247BD-RjUL20211209082232.0170516s1936 dcua 001 0 eng d a(BD-RjUL)72464 aGBCcGBCdOCLdOCLCQdMYGdBD-RjULbeng aeng 223a543bOFF 193600aOfficial and tentative methods of analysis of the Association of Official Agricultural Chemists /cedited by W.W. Skinner a4th ed.  aWashington, D.C. :bAssociation of Official Agricultural Chemists,cc1936 axviii, 710 p. :bill. ;c24 cm. aIncludes bibliography and index.  0aChemistry, Analytic9213631 0aAgricultural chemistry.9200636 aSkinner, W.W. 9213632 2ddccBK c72247d72247 00102ddc40718NFICaRUCLbRUCLcReadingd1964-09-23eAustralia giftl0o543 OFF 1936r2017-05-16 00:00:00tC-1w2017-05-16yBK